000 00478cam a2200181ua 4500
001 6508
005 20260515114048.0
008 131216n ii |||gr||||Z||||||eng
040 _cMAIN
082 _a346.651
245 1 1 _aCompany law and secretarial practice
_cBy S. Sachdeva
260 _aAgra:
_bLakshmi narain agarwal,
_c1995.
300 _avi,266p.
653 _aCommerce
653 _aCompany law and secretarial practice
700 1 _aSachdeva,S.,
_eAuthor.
942 _cBK
999 _c5652
_d5652